| 000 | 01006nam a2200277 a 4500 | ||
|---|---|---|---|
| 001 | 000022023 | ||
| 003 | DO-SdBNP | ||
| 005 | 20240716121848.0 | ||
| 008 | 100916s2000 dr d 000 0 spa d | ||
| 020 | _a9993401323 | ||
| 020 | _a9993401323 | ||
| 040 |
_aDO-SdBNP _bspa _cBNPHU |
||
| 082 | 4 |
_aR 302.22203 _bP437d _222 |
|
| 100 | 1 |
_aPérez, Faustino _91945 |
|
| 245 | 1 | 0 |
_aDiccionario de gestos dominicanos / _cFaustino Pérez ; prólogo Carlos Hernández Soto. |
| 260 |
_aSanto Domingo : _bTalleres Gráficos Mediabyte, _c2000. |
||
| 300 |
_a302 p. ; _c21 cm. |
||
| 500 | _aIncluye referencias bibliográficas y notas al pie de las páginas | ||
| 650 | 4 |
_aGesto _zRepública Dominicana _vDiccionarios _945660 |
|
| 650 | 0 |
_aComunicación no verbal _945661 |
|
| 650 | 4 |
_aLenguaje por señas _945662 |
|
| 650 | 4 |
_aExpresión corporal _zRepública Dominicana _vDiccionarios _945663 |
|
| 700 | 1 | 2 |
_aHernández Soto, Carlos _epról. _91368 |
| 910 | _aValidado. Control de calidad MFF | ||
| 942 |
_2ddc _cLBS1 |
||
| 999 |
_c21521 _d21521 |
||